| 000 | 00359pab a2200145 454500 | ||
|---|---|---|---|
| 008 | 180718b1995 xxu||||| |||| 00| 0 eng d | ||
| 100 | _aMukhopadhyay, D. | ||
| 245 | _aVenture capital fund - a perspective | ||
| 260 | _c1995 | ||
| 300 | _ap.821-25 | ||
| 362 | _aNov | ||
| 650 | _aVenture capital - India | ||
| 773 | _aManagement Accountant | ||
| 909 | _a29746 | ||
| 999 |
_c29746 _d29746 |
||